[Event "IECG RN.2002.0.00018"]
[Site "IECG email"]
[Date "2002.12.30"]
[Round "1"]
[White "Mayer, Hans"]
[Black "Stewart, Darrell"]
[Result "1-0"]
[WhiteElo "800"]
[BlackElo "800"]
[PlyCount "49"]
[EventDate "2002.12.30"]
[EventType "tourn (corr)"]
[EventRounds "6"]
[SourceTitle "Corr 2024"]
[Source "ChessBase"]
[SourceDate "2023.10.19"]
[SourceVersion "1"]
[SourceVersionDate "2023.10.19"]
[SourceQuality "1"]

1. c4 e5 2. Nc3 Nf6 3. Nf3 Nc6 4. g3 Bb4 5. Bg2 0-0 6. 0-0 Bxc3 7. bxc3 d6 8. d3 e4 9. Nd4 exd3 10. exd3 Nxd4 11. cxd4 d5 12. Re1 c6 13. Rb1 b6 14. Bg5 Bf5 15. Qf3 Qd7 16. Bxf6 gxf6 17. cxd5 Qxd5 18. Qf4 Qd7 19. Bxc6 Qxc6 20. Qxf5 Rad8 21. Rbc1 Qd6 22. Re4 Rfe8 23. Rg4+ Kf8 24. Qxh7 Re2 25. Rg7 1-0